| 000 | 00801cam a2200265 i 4500 | ||
|---|---|---|---|
| 999 |
_c200444437 _d62649 |
||
| 001 | ocm00000000 | ||
| 003 | TR-AnTOB | ||
| 005 | 20211019153315.0 | ||
| 008 | 211019s1975 tu 000 0 tur d | ||
| 040 |
_aMET _beng _erda _cMET _dTR-AnTOB |
||
| 041 | 0 | _atur | |
| 050 |
_aTA350 _b.P35 |
||
| 090 |
_aTA350 _b.P35 1975 |
||
| 100 |
_aPakdemirli, Ekrem _965107 |
||
| 245 | 1 | 0 |
_aMühendislik mekaniği örnekleri ile / _cEkrem Pakdemirli. |
| 264 |
_aAnkara, _b[publisher not identified], _c1975. |
||
| 300 |
_a279 pages : _billustrations, charts. _c23 cm. |
||
| 336 |
_2rdacontent _atext _btxt |
||
| 337 |
_2rdamedia _aunmediated _bn |
||
| 338 |
_2rdacarrier _avolume _bnc |
||
| 650 | 7 |
_aMekanik, Uygulamalı _94239 |
|
| 650 | 7 |
_aVektör analizi _94240 |
|
| 942 |
_2lcc _cBK |
||